| 000 | 00926pam a2200253 a 4500 | ||
|---|---|---|---|
| 001 | 3544828 | ||
| 003 | NUST | ||
| 005 | 20220622163151.0 | ||
| 008 | 971029s1998 tnu 000 0 eng | ||
| 010 | _a 97039216 | ||
| 020 | _a0805460977 (trade paper) | ||
| 038 | _aArshad | ||
| 040 |
_aDLC _cDLC _dDLC |
||
| 050 | 0 | 0 |
_aPN6162 _b.F744 1998 |
| 082 | 0 | 0 |
_a814.54 _bJOH |
| 100 | 1 |
_aJohnson, Becky Freeman, _d1959- _992081 |
|
| 245 | 1 | 2 |
_aA view from the porch swing : _bmusings on a complicated search for the simple life / _cBecky Freeman. |
| 260 |
_aNashville, Tenn. : _bBroadman & Holman, _cc1998. |
||
| 300 |
_ax, 213 p. ; _c23 cm. |
||
| 650 | 0 |
_aAmerican wit and humor. _97482 |
|
| 906 |
_a7 _bcbc _corignew _d1 _eocip _f19 _gy-gencatlg |
||
| 942 |
_2ddc _cBK |
||
| 999 |
_c590175 _d590175 |
||